00451nam a2200181 a 4500001001300000003000900013005001700022008004100039020001000080082001500090245003400105260002300139300000900162500003500171505001700206650003000223710001600253nice12345678IN_TiNIC20260116012616.0050524s1964 lona grp 000 0 eng  ac10000a232.5bSPC aMiracles and the Resurrection aLondonbSpckc1964 a104p aincludes index and biblioraphy2 aIndex, Notes aJesus Christ-Resurrection2 aSpck Papers